000 00339nam a2200145Ia 4500
008 230718s9999 xx 000 0 und d
041 _aEng.
082 _a340
_bPAR-M
100 _aParmar , S. P. Singh
245 0 _aMedical Juris prodence
260 _aPakistan
_bIrfan law book
_c2008
300 _a1064
650 _aLaw
999 _c29592
_d29592